Statistics for Literature by Letter - S

Click here to take the quiz!

General Stats

  • This quiz has been taken 9,392 times
    (9,355 since last reset)
  • The average score is 12 of 20

Answer Stats

HintAnswer% Correct
Generally considered the most significant of English playwrightsWilliam Shakespeare
99%
Creator of The Cat in the Hat and the LoraxDr. Seuss
87%
Heroine of "Gone with the Wind" (first name)Scarlett O'Hara
82%
His archnemesis was Professor Moriarty (first name)Sherlock Holmes
80%
Mystical Tibetan paradise first mentioned in James Hilton's novel "Lost Horizon"{Shangri}-La
79%
Baghdadi sailor who went on seven naval adventuresSinbad
72%
Maya Angelou knows why the caged bird does thisSings
72%
Kurt Vonnegut novel about the firebombing of Dresden{Slaughterhouse}-Five
69%
He wrote "Treasure Island"Robert Louis Stevenson
66%
The "Demon Barber of Fleet Street" (first name)Sweeney Todd
65%
Dragon that inhabited the Lonely Mountain in Middle EarthSmaug
58%
Abolitionist author of "Uncle Tom's Cabin"Harriet Beecher Stowe
50%
Astronomer and author of "Cosmos"Carl Sagan
48%
Creator of the "Goosebumps" children's series and adult horror novelsR.L. Stine
48%
Knighted Scottish author who wrote "Ivanhoe" and "Rob Roy"Sir Walter Scott
47%
Irish playwright who wrote "Pygmalion" and "Man and Superman"George Bernard Shaw
46%
Writer of children's poetry who knows where the sidewalk endsShel Silverstein
34%
Hemingway novel that features the running of the bullsSun Also Rises, The
30%
Book by Rachel Carson that documents the negative effects of DDTSilent Spring
27%
Sci-fi book by Robert A. Heinlein featuring fascist humans fighting bug-like aliensStarship Troopers
22%

Score Distribution

Percentile by Number Answered

Percent of People with Each Score

Your Score History

You have not taken this quiz since the last reset